Orientaciones actuales de la literatura francesa /

Guardado en:
Detalles Bibliográficos
Autor principal: Bemol, Mauricio (autor)
Formato: Libro
Idioma:Español
Publicado: Buenos Aires, Argentina : Troquel, 1960
Temas:
Etiquetas: Agrega una etiqueta
Sin etiquetas, Sé el primero en etiquetar este registro!

MARC

LEADER 00000nam^a2200000^a^4500
001 000002915
005 20250521000000.0
009 20260310083205.525
037 |a Acervo ITESO - Biblioteca 
041 |a ESP 
082 |a 840. 09  |b BEM 
100 |a Bemol, Mauricio  |e (autor) 
245 1 0 |a Orientaciones actuales de la literatura francesa /  |c M. Bemol. 
264 1 |a Buenos Aires, Argentina :  |b Troquel,  |c 1960 
300 |a 266 p. 
336 |a texto  |b txt  |2 rdacontenido 
337 |a sin mediación  |b n  |2 rdamedio 
338 |a volumen  |b nc  |2 rdasoporte 
500 |a Traducción de: La Littérature Francaise Du XX Éme Siécle 
649 |a XX 
650 |a Literatura Francesa -  |x Historia y Crítica 
650 |a Literatura -  |x Historia y Crítica 
910 |a Fondo General 
920 |a Impresos - Libros 
930 |a Colección General 
940 |a Literatura 
905 |a 101 
901 |a 0029150100  |b IT1  |c LIT  |i 002915  |u 20250521 
902 |a https://opac.biblio.iteso.mx/vufind/Record/000002915